000 00590nam 22001693 4500
001 201609
090 _a201609
100 _a20260401d u||y0pory50 ba
200 _aOs relatos de naufrágios na literatura portuguesa dos séculos XVI e XVII
_fGiulia Lanciani
205 _a
210 _aLisboa
_cPresidência do conselho de Ministros, Secretaria de Estado da Cultura
_d1979
215 _a145,[2] p.
_cbrochado
_d19 cm
606 _93661
_aCrítica Literária.Estudos Literários
675 _a82.09
_vPT
_zpor
700 _97704
_aLanciani
_bGiulia
_f1935-2018
801 _aPT
_bBMMN
_gRPC
990 _cLIVROS